| 000 | 01187nam a22003377a 4500 | ||
|---|---|---|---|
| 003 | CHAP | ||
| 005 | 20220329143507.0 | ||
| 008 | 100209s2008 mx r 00010 spa d | ||
| 010 | _a97512 | ||
| 011 | _a98484 | ||
| 020 | _a9786074510034 | ||
| 035 | _a109169 | ||
| 040 | _cCHAP | ||
| 082 | 1 | 4 |
_a378.1981 _bG52 |
| 100 | 1 |
_aGómez Nashiki, Antonio. _949828 |
|
| 245 | 1 | 0 |
_aMovimiento estudiantil e institucion : _bla Universidad Michoacana de San Nicolás de Hidalgo 1956-1966 _c/por Gómez Nashiki Antonio |
| 260 |
_aMéxico, D.F. _bANUIES, _c2008 |
||
| 300 | _a460 p. : | ||
| 590 |
_aBATCH-UPD _b10 _c20130110 _lUCH01 _h1834 |
||
| 590 |
_aBATCH-UPD _b10 _c20130410 _lUCH01 _h1205 |
||
| 590 |
_aBATCH-UPD _b10 _c20130914 _lUCH01 _h1328 |
||
| 590 |
_aCONVERSION _b10 _c20130109 _lUCH01 _h1354 |
||
| 650 | 1 | 4 |
_aEstudiantes _xActividad política _xMéxico. _938490 |
| 650 | 1 | 4 |
_aMovimientos estudiantiles. _979168 |
| 650 | 1 | 4 |
_aMovimientos sociales _xMichoacán. _979172 |
| 650 | 1 | 4 |
_aUniversidades _xEstudiantes. _9116620 |
| 650 | 1 | 4 |
_aUniversidades _xMichoacán. _9116656 |
| 901 | _aBK | ||
| 942 | _cLIBRO | ||
| 949 |
_a378.1981 G52 _bBC _cLIBRO _d33724002115090 _eLIBRO _gI.c/e _h111763 _i109169 _sb |
||
| 999 |
_c97512 _d97512 |
||